உறவுகளும் உரிமைகளும் (Record no. 318353)

MARC details
000 -LEADER
fixed length control field 00852nam a2200193Ia 4500
008 - FIXED-LENGTH DATA ELEMENTS--GENERAL INFORMATION
fixed length control field 191130s2009##################000#0#tam##
020 ## - INTERNATIONAL STANDARD BOOK NUMBER
ISBN 9788123201597
082 ## - DEWEY DECIMAL CLASSIFICATION NUMBER
Classification number 307.8 BIN
100 ## - MAIN ENTRY--AUTHOR NAME
Personal name பின்துல் இஸ்லாம்
245 ## - TITLE STATEMENT
Title உறவுகளும் உரிமைகளும்
Statement of responsibility, etc ஆசிரியர் பின்துல் இஸ்லாம் ; தமிழில் அப்துல் அஜூஸ் ரஸாதி
260 ## - PUBLICATION, DISTRIBUTION, ETC. (IMPRINT)
Place of publication சென்னை
Name of publisher இஸ்லாமிய நிறுவனம் ட்ரஸ்ட்
Year of publication 2009
300 ## - PHYSICAL DESCRIPTION
Number of Pages 168 p.
500 ## - GENERAL NOTE
General note 1st ed. 2003
650 ## - SUBJECT ADDED ENTRY--TOPICAL TERM
Topical Term தமிழர் வரலாறும் பண்பாடும்
991 ## -
-- 7935

No items available.

Find us on the map